| Tag |
First Indicator |
Second Indicator |
Subfields |
| LEADER |
00000cam a2200000Ia 4500 |
| 001 |
in00002485113 |
| 005 |
20151111043842.0 |
| 008 |
090803s1971 dcua f000 0 eng d |
| 035 |
|
|
|a (OCoLC)ocn428978185
|
| 035 |
|
|
|a (OCoLC)428978185
|
| 040 |
|
|
|a TXA
|c TXA
|d UtOrBLW
|
| 043 |
|
|
|a n-us---
|
| 049 |
|
|
|a TXAM
|
| 090 |
|
|
|a UC263
|b .M344 1971
|
| 245 |
0 |
0 |
|a Materiel management for using units, support units, and installations :
|b effective 1 October 1971.
|
| 246 |
1 |
|
|i At head of t.p.:
|a Inventory management
|
| 264 |
|
1 |
|a Washington, DC :
|b Headquarters, Department of the Army,
|c [1971]
|
| 300 |
|
|
|a 1 volume (various pagings) :
|b illustrations ;
|c 26 cm.
|
| 336 |
|
|
|a text
|b txt
|2 rdacontent
|
| 337 |
|
|
|a unmediated
|b n
|2 rdamedia
|
| 338 |
|
|
|a volume
|b nc
|2 rdacarrier
|
| 490 |
1 |
|
|a AR ;
|v 710-2
|
| 500 |
|
|
|a Caption title.
|
| 500 |
|
|
|a "August 1971."
|
| 500 |
|
|
|a The Cushing Library/Ragan Military copies donated in memory of Robert L. Acklen, Jr., class of '63.
|
| 610 |
1 |
0 |
|a United States.
|b Army
|x Supplies and stores
|x Management.
|
| 650 |
|
0 |
|a Defense industries
|x Materials management.
|
| 810 |
1 |
|
|a United States.
|b Department of the Army.
|t Army regulation ;
|v no. 710-2.
|
| 994 |
|
|
|a C0
|b TXA
|
| 948 |
|
|
|a cataloged
|b h
|c 2009/8/3
|d o
|e nbehmer
|f 11:33:04 am
|
| 999 |
|
|
|a MARS
|
| 999 |
f |
f |
|s 86adbe7c-ce76-35eb-9735-dd29c90cbc17
|i 377d5714-37bb-344f-9e83-0259a1ce6965
|t 0
|
| 952 |
f |
f |
|p noncirc
|a Texas A&M University
|b College Station
|c Cushing Memorial Library & Archives
|d Cushing: Ragan Military (Does not check out)
|t 0
|e UC263 .M344 1971
|h Library of Congress classification
|i unmediated -- volume
|
| 952 |
f |
f |
|p noncirc
|a Texas A&M University
|b College Station
|c Cushing Memorial Library & Archives
|d Cushing: Ragan Military (Does not check out)
|t 0
|e UC263 .M344 1971
|h Library of Congress classification
|i unmediated -- volume
|
| 998 |
f |
f |
|a UC263 .M344 1971
|t 0
|l Cushing: Ragan Military (Does not check out)
|
| 998 |
f |
f |
|a UC263 .M344 1971
|t 0
|l Cushing: Ragan Military (Does not check out)
|